[Event "World op"]
[Site "Philadelphia"]
[Date "1994.??.??"]
[Round "?"]
[White "Blocker, Calvin"]
[Black "Gurevich, Mikhail"]
[Result "0-1"]
[WhiteElo "2380"]
[BlackElo "2610"]

1.d4 Nf6 2.c4 e6 3.Nc3 Bb4 4.Nf3 c5 5.g3 cxd4 6.Nxd4 O-O 7.Bg2 d5 8.cxd5 Nxd5
9.Bd2 Bxc3 10.bxc3 e5 11.Nb5 a6 12.Na3 Nc6 13.Rb1 Rb8 14.c4 Nde7 15.Nc2 Be6
16.Ne3 b5 17.cxb5 axb5 18.Rb2 Qd4 19.Qb1 f5 20.O-O f4 21.Nd1 Qd7 22.Be4 Nd4
23.Bb4 Bc4 24.Re1 Rb6 25.Bxe7 Qxe7 26.e3 Ne6 27.exf4 exf4 28.Bxh7+ Kh8 29.Bd3 Bxd3
30.Qxd3 Qf7 31.Rbe2 fxg3 32.hxg3 Kg8 33.Qb3 Nd4 34.Qxf7+ Rxf7 35.Re8+ Kh7
36.Kg2 Ra6 37.R1e4 Nf5 38.Re2 Rg6 39.Nc3 Nh4+ 40.Kh3 Nf3 41.Kg2 Rh6 42.g4 Rh2+
43.Kg3 Rh1 44.Ne4 Rg1+ 45.Kh3 Rf4 46.Re7 Rf8 47.Ng3 Ng5+ 48.Kh2 Nf3+ 49.Kh3 Kh6
50.R2e6+ g6 51.Re2 Ng5+ 52.Kh2 Nf3+ 53.Kh3 Kg5 54.Re8 Rf7 55.R8e7 Rf6 56.R7e6 Rb1
57.Re7  0-1

[Event "POL-ch"]
[Site "?"]
[Date "1994.??.??"]
[Round "8"]
[White "Weglarz, Leszek"]
[Black "Jaracz, Pawel"]
[Result "0-1"]
[WhiteElo "2555"]
[BlackElo "2370"]

1.d4 Nf6 2.c4 e6 3.Nc3 Bb4 4.Nf3 c5 5.e3 b6 6.Bd2 Bb7 7.Be2 Bxc3 8.Bxc3 Ne4
9.Rc1 O-O 10.O-O d6 11.Nd2 Nxc3 12.Rxc3 Nc6 13.dxc5 dxc5 14.Bf3 Qc7 15.Qb1 Rad8
16.Rd1 Rd7 17.Ne4 Ne5 18.Rxd7 Nxf3+ 19.gxf3 Qxd7 20.Rd3 Qe7 21.Qd1 Bc6 22.Ng3 Qf6
23.e4 Qxb2 24.Rd6 Be8 25.f4 Qxa2 26.Rd8 Qxc4 27.Qd6 Qb5 28.Qe7 c4 29.f5 c3
30.fxe6 fxe6 31.Qxe6+ Kh8 32.Qe7 Rg8 33.Qc7 Qc6 34.Rc8 Qxc7 35.Rxc7 b5 36.Rxc3 b4
37.Rc5 b3 38.Nf1 Ba4 39.Rc4 Bd7 40.Rb4 Be6 41.Ne3 a5 42.Rb6 Re8 43.Nd5 a4
44.Kg2 h6 45.Nc7 a3 46.Nxe8 a2 47.Nc7 Bg8  0-1

[Event "POR-chT"]
[Site "?"]
[Date "1994.??.??"]
[Round "?"]
[White "Santos, Isabel"]
[Black "Oliveira, Antonio"]
[Result "0-1"]
[WhiteElo "2005"]
[BlackElo "2280"]

1.d4 Nf6 2.c4 e6 3.Nc3 Bb4 4.Nf3 O-O 5.Qc2 c5 6.e3 d5 7.a3 Bxc3+ 8.bxc3 cxd4
9.cxd4 dxc4 10.Bxc4 b6 11.Bd3 Bb7 12.e4 h6 13.O-O Nc6 14.Bb2 Rc8 15.Qe2 Na5
16.Nd2 Rc7 17.f4 Rd7 18.Nf3 Qa8 19.Ne5 Rdd8 20.Rae1 Rfe8 21.h3 Nc6 22.Nf3 Nh5
23.Qe3 f5 24.Nd2 Nf6 25.e5 Nd5 26.Qe2 Nc7 27.Nf3 Ne7 28.Nd2 Ncd5 29.Nc4 Rf8
30.Nd6 Bc6 31.g4 Nc8 32.Nxc8 Qxc8 33.gxf5 exf5 34.Rc1 Qe6 35.Kh2 Bb7 36.Bc4 Kh7
37.a4 Rg8 38.Qd2 g5 39.fxg5 Rxg5 40.Rg1 Rdg8 41.Rxg5 Rxg5 42.Rg1 Rxg1 43.Kxg1 Qg6+
44.Kh2 Ne3 45.Bd3 Be4 46.Qe2 Qg5 47.Bxe4 Qf4+ 48.Kg1 fxe4 49.Bc1 Qg3+ 50.Kh1 Qxh3+
51.Kg1 Qg3+ 52.Kh1 Ng4 53.Qxe4+ Kg7 54.Qg2 Qe1+ 55.Qg1 Qe4+ 56.Qg2 Qxd4 57.Qb7+ Kg6
58.Qc6+ Kh5 59.Qf3 Kg6 60.Kg2 Nxe5 61.Qg3+ Qg4 62.Qxg4+ Nxg4 63.Bf4 Kf5 64.Bb8 a6
65.Bc7 b5 66.Kf3 bxa4 67.Bd6 h5 68.Ke2 h4 69.Kd2 Ne5 70.Ke2 Nc4 71.Bc5 Ke4
72.Be7 a3  0-1

[Event "ROM-chT"]
[Site "ROM"]
[Date "1994.??.??"]
[Round "?"]
[White "Rogozenko, Dorin"]
[Black "Stoica, Valentin"]
[Result "1/2-1/2"]
[WhiteElo "2415"]
[BlackElo "2445"]

1.d4 Nf6 2.c4 e6 3.Nc3 Bb4 4.Nf3 b6 5.Bg5 Bb7 6.e3 h6 7.Bh4 Bxc3+ 8.bxc3 d6
9.Nd2 Nbd7 10.f3 Qe7 11.e4 g5 12.Bf2 Nh5 13.Qa4 O-O 14.h4 g4 15.fxg4 Nhf6
16.g5 Nxe4 17.Nxe4 Bxe4 18.gxh6 f5 19.O-O-O Kh8 20.Rg1 Rg8 21.Re1  1/2-1/2

[Event "Sarospatak op"]
[Site "Sarospatak"]
[Date "1994.??.??"]
[Round "?"]
[White "Ballai, Zsolt"]
[Black "Mrva, Vladimir"]
[Result "1/2-1/2"]
[WhiteElo "2225"]
[BlackElo "2305"]

1.d4 Nf6 2.c4 e6 3.Nc3 Bb4 4.Nf3 O-O 5.g3 d5 6.cxd5 exd5 7.Bg2 c6 8.O-O Re8
9.Bg5 h6 10.Bd2 Be6 11.Rc1 Bxc3 12.Bxc3 Qc8 13.Re1 Bh3 14.Bh1 Ne4 15.Nd2 Nxc3
16.Rxc3 Qg4 17.e3 Qxd1 18.Rxd1 Nd7 19.Nb3 a5 20.Nc5 Nxc5 21.Rxc5 a4 22.a3 Ra6
23.Bf3 Bf5 24.Rd2 Rea8 25.Be2  1/2-1/2

[Event "Sarospatak op"]
[Site "Sarospatak"]
[Date "1994.??.??"]
[Round "?"]
[White "Ballai, Zsolt"]
[Black "Volosin, Vladimir"]
[Result "1-0"]
[WhiteElo "2225"]
[BlackElo "2295"]

1.d4 Nf6 2.c4 e6 3.Nc3 Bb4 4.Nf3 b6 5.Bg5 Bb7 6.e3 O-O 7.Be2 d5 8.O-O Nbd7
9.cxd5 exd5 10.Ne5 Be7 11.Nxd7 Qxd7 12.Rc1 Ne4 13.Bxe7 Qxe7 14.Qa4 Nf6 15.b4 c6
16.Rfd1 b5 17.Qb3 Ne8 18.a4 a6 19.Ra1 Nd6 20.Ra2 f5 21.Bf3 Nc4 22.Rda1 Rad8
23.Nd1 Rd6 24.Nb2 Rh6 25.Nxc4 dxc4 26.Qc3 Qh4 27.axb5 axb5 28.Ra7 Qxh2+ 29.Kf1 Qb8
30.d5 Rc8 31.dxc6 Rcxc6 32.Bd5+ Kh8 33.Bxc6 Rxc6 34.Qd4 Rc7  1-0

[Event "St Affrique op"]
[Site "St Affrique"]
[Date "1994.??.??"]
[Round "?"]
[White "Mancini, Mario"]
[Black "Ikonnikov, Vyacheslav"]
[Result "0-1"]
[WhiteElo "2240"]
[BlackElo "2520"]

1.d4 Nf6 2.c4 e6 3.Nc3 Bb4 4.Nf3 O-O 5.Bg5 c5 6.d5 d6 7.Qd3 exd5 8.cxd5 Nbd7
9.e3 h6 10.Bh4 Qa5 11.Bxf6 Nxf6 12.Nd2 b5 13.Be2 c4 14.Qd4 Bb7 15.Bf3 Bxc3
16.bxc3 Qb6 17.Qxb6 axb6 18.e4 Ra3 19.Nb1 Ra5 20.Kd1 Re8 21.Re1 Nd7 22.g3 Nc5
23.a3 Nd3 24.Re2 Bc8 25.Bg2 f5 26.exf5 Rxe2 27.Kxe2 Nc1+ 28.Ke3 Nb3 29.Ra2 Bxf5
30.Be4 Bxe4 31.Kxe4 Ra7 32.Re2 Rf7 33.f4 g6 34.Nd2 Re7+ 35.Kf3 Nxd2+ 36.Rxd2 Ra7
37.Ra2 Kf7 38.g4 Kf6 39.Ke4 Re7+ 40.Kf3 Re1 41.Rb2 g5 42.fxg5+ hxg5 43.Rxb5 Ke5
44.Rb4 Kxd5 45.Rb5+ Ke6 46.Rxg5 Rc1 47.Ke3 Rxc3+ 48.Kd4 Rxa3 49.Kxc4 Rh3
50.Rg6+ Ke5 51.Rg5+ Ke4 52.Rd5 b5+ 53.Rxb5 Rxh2 54.Rg5 Rc2+ 55.Kb3 Rc8 56.Rg7 d5
57.g5 Kd3 58.Rh7 Rb8+ 59.Ka2 d4 60.g6 Rg8 61.Rh3+ Kc2 62.Rh2+ Kc3 63.Rg2 d3
64.Kb1 Rb8+ 65.Kc1 Rf8 66.Rg1 Ra8 67.Kb1 Rb8+ 68.Ka2 Kc2 69.Ka3 d2  0-1

[Event "SVK-chT"]
[Site "?"]
[Date "1994.??.??"]
[Round "?"]
[White "Husek, Zdenek"]
[Black "Brestak, Jan"]
[Result "1-0"]
[WhiteElo "2255"]
[BlackElo "2260"]

1.d4 Nf6 2.Nf3 e6 3.c4 Bb4+ 4.Nc3 c5 5.d5 d6 6.g3 e5 7.Qc2 Bg4 8.h3 Bh5 9.Nh4 O-O
10.Bg2 Ne8 11.Be4 Nf6 12.Bg2 Ne8 13.Nf5 Nd7 14.g4 Bg6 15.e4 Rb8 16.Bf1 a6
17.a4 Qa5 18.Bd2 Kh8 19.Be2 Ndf6 20.h4 h5 21.g5 Nh7 22.Ng3 b5 23.Nxh5 Bxh5
24.Bxh5 bxc4 25.Be2 Nc7 26.Qd1 f5 27.exf5 Rxf5 28.Bxc4 e4 29.Qg4 Rxd5 30.Nxd5 Bxd2+
31.Kf1 Nxd5 32.Bxd5 e3 33.Be4 Qb4 34.Qf5 Qc4+ 35.Kg2 Qg8 36.fxe3 Bxe3 37.b3 Bd4
38.Rab1 Rf8 39.Qxh7+ Qxh7 40.Bxh7 Rf2+ 41.Kg3 Kxh7 42.b4 cxb4 43.Rxb4 Rd2
44.h5 Be5+ 45.Kf3 Rd3+ 46.Ke4 Rg3 47.Rb7 Rxg5 48.h6 d5+ 49.Kxd5 Bh2+ 50.Ke4 Rg4+
51.Kf5 Rf4+ 52.Kg5 Rf2 53.Rxg7+ Kh8 54.Ra7 Bf4+ 55.Kg4 Be3 56.Re7 Bc5 57.Rc7 Bd6
58.Rc6 Be5 59.Re1 Bf6 60.Rc7 Rg2+ 61.Kf5 Rf2+ 62.Kg6 Rg2+ 63.Kxf6 Rf2+ 64.Ke6 a5
65.Kd6 Rd2+ 66.Kc6 Rc2+ 67.Kb7 Rb2+ 68.Kc8 Rb8+ 69.Kxb8  1-0

[Event "Tel Aviv ASA"]
[Site "Tel Aviv"]
[Date "1994.??.??"]
[Round "6"]
[White "Manor, Ilan"]
[Black "Davies, Nigel R"]
[Result "1/2-1/2"]
[WhiteElo "2460"]
[BlackElo "2525"]

1.d4 Nf6 2.c4 e6 3.Nc3 Bb4 4.Nf3 c5 5.g3 Bxc3+ 6.bxc3 Qa5 7.Bd2 b6 8.Bg2 Bb7
9.O-O Be4 10.Bg5 Qxc3 11.dxc5 O-O 12.Rc1 Qb2 13.Bd2 bxc5 14.Bc3 Qb6 15.Bxf6 gxf6
16.Qd2 Nc6 17.Qf4  1/2-1/2

[Event "Zabrzanski Wrzesien op"]
[Site "Zabrzanski Wrzesien"]
[Date "1994.??.??"]
[Round "?"]
[White "Lubosik, K."]
[Black "Kruszynski, Wlodzimierz"]
[Result "0-1"]
[WhiteElo "2205"]
[BlackElo "2375"]

1.d4 Nf6 2.Nf3 e6 3.c4 Bb4+ 4.Nc3 c5 5.Qc2 cxd4 6.Nxd4 O-O 7.e3 Nc6 8.Nxc6 bxc6
9.Bd2 d5 10.cxd5 cxd5 11.a3 Be7 12.Be2 e5 13.O-O Bb7 14.Bf3 Qd7 15.Rfd1 Rac8
16.Qb3 Rb8 17.Qa2 d4 18.Bxb7 dxc3 19.Bxc3 Qxb7 20.Bxe5 Rbc8 21.b4 Qe4 22.Bd4 Rc2
23.Qb1 Rfc8 24.Bxa7 Qh4 25.g3 Qh3 26.Bc5 Re2 27.Qd3 Ng4  0-1

[Event "Zalakaros op"]
[Site "Zalakaros"]
[Date "1994.??.??"]
[Round "7"]
[White "Czebe, Attila"]
[Black "Mochalov, Evgeny V"]
[Result "1-0"]
[WhiteElo "2355"]
[BlackElo "2450"]

1.d4 Nf6 2.c4 e6 3.Nc3 Bb4 4.Nf3 c5 5.g3 cxd4 6.Nxd4 Qc7 7.Bg2 a6 8.O-O O-O
9.Na4 d6 10.a3 Bc5 11.b4 Ba7 12.Bb2 Bd7 13.Rc1 Bxa4 14.Qxa4 Nbd7 15.Nb3 Rfc8
16.Qa5 Rab8 17.Rfd1 Ne8 18.Qg5 Bb6 19.c5 dxc5 20.bxc5 Ba7 21.c6 bxc6 22.Bxc6 h6
23.Qe7 Nc5 24.Qxc7 Nxc7 25.Nxc5 Rxb2 26.Nd3 Rbb8 27.Bd7 Rd8 28.Rxc7 Bb6 29.Rdc1 Bxc7
30.Rxc7 Rb1+ 31.Kg2 Rdb8 32.Bc8 R1b3 33.Bxa6 Rxa3 34.Bc4 Raa8 35.Ne5 Rc8
36.Rb7 Ra5 37.Bb5 Raa8 38.Nxf7 Rc5 39.Bd3 Rac8 40.f4 Rf8 41.Ne5  1-0

[Event "Ibercaja op"]
[Site "Zaragoza"]
[Date "1994.??.??"]
[Round "8"]
[White "Campos, Jose Felix"]
[Black "Kurajica, Bojan"]
[Result "1/2-1/2"]
[WhiteElo "2255"]
[BlackElo "2565"]

1.d4 Nf6 2.c4 e6 3.Nc3 Bb4 4.Nf3 d6 5.Bg5 Nbd7 6.e3 O-O 7.Be2 h6 8.Bh4 b6
9.Nd2 c5 10.Bf3 Rb8 11.Rc1 cxd4 12.exd4 e5 13.Nd5 Bxd2+ 14.Qxd2 g5 15.Bg3 Nxd5
16.Bxd5 Bb7 17.h4 Kg7 18.hxg5 hxg5 19.Qd3 f5 20.dxe5 Nxe5 21.Bxe5+ dxe5 22.Qg3 Qf6
23.Rd1 Rfd8 24.Rh5 Kg6 25.Qh3 Rh8 26.Bf7+ Kxf7 27.Rh7+ Rxh7 28.Qxh7+ Kf8
29.Qc7 Re8 30.Qxb7 e4 31.Qd5 e3 32.fxe3 Rxe3+ 33.Kf2 Re7 34.Qd4 Kg7 35.b4 Qxd4+
36.Rxd4 Kf6 37.Rd6+ Ke5 38.Rg6 Rc7 39.Rxg5 Kf4 40.Rh5 Kg4 41.Rh3 Rxc4 42.Ra3 Rxb4
43.Rxa7 Rb2+ 44.Kg1 b5 45.a4 b4 46.a5 b3 47.Rb7 Kg3 48.Rg7+ Kf4 49.Rb7 Ra2
50.Rxb3 Rxa5  1/2-1/2

[Event "London SCCU op"]
[Site "London"]
[Date "1995.08.??"]
[Round "6"]
[White "Harris, Costas"]
[Black "Donovan, Nigel"]
[Result "1/2-1/2"]
[WhiteElo "1736"]
[BlackElo "2160"]

1.d4 Nf6 2.c4 e6 3.Nc3 Bb4 4.Nf3 b6 5.g3 Bb7 6.Bg2 O-O 7.O-O c5 8.Bg5 d6
9.Qd3 Nbd7 10.Nb5 Qb8 11.a3 Be4 12.Qd1 a6 13.axb4 axb5 14.Rxa8 Qxa8 15.dxc5 dxc5
16.bxc5 bxc5 17.cxb5 Qb7 18.Qa4 Ra8 19.Qb3  1/2-1/2

[Event "Ano Liosia op"]
[Site "Ano Liosia"]
[Date "1995.??.??"]
[Round "3"]
[White "Atalik, Suat"]
[Black "Angelis, Mihail"]
[Result "1-0"]
[WhiteElo "2500"]
[BlackElo "2275"]

1.d4 Nf6 2.c4 e6 3.Nc3 Bb4 4.Nf3 O-O 5.Bg5 h6 6.Bh4 c5 7.d5 Bxc3+ 8.bxc3 d6
9.e3 e5 10.Nd2 Qe7 11.Bd3 Nbd7 12.Qe2 Re8 13.f3 b6 14.a4 Ba6 15.e4 Nf8 16.Bf2 Ng6
17.g3 Reb8 18.Nf1 Bc8 19.Ne3 Nf8 20.h4 g6 21.g4 Bd7 22.Qd2 a6 23.Nf1 Kg7
24.Ng3 Ng8 25.O-O Qe8 26.Be3 Bxa4 27.f4 Bd7 28.f5 f6 29.g5 fxg5 30.hxg5 hxg5
31.Bxg5 Nh7 32.f6+ Ngxf6 33.Bxf6+ Nxf6 34.Rxf6 Kxf6 35.Rf1+ Bf5 36.exf5 Ke7
37.fxg6 Kd8 38.Rf7 Qh8  1-0

[Event "ARG-ch"]
[Site "?"]
[Date "1995.??.??"]
[Round "1"]
[White "Ricardi, Pablo"]
[Black "Zarnicki, Pablo"]
[Result "1/2-1/2"]
[WhiteElo "2545"]
[BlackElo "2570"]

1.d4 Nf6 2.c4 e6 3.Nc3 Bb4 4.Nf3 c5 5.e3 Ne4 6.Qc2 Qa5 7.Qxe4 Bxc3+ 8.Nd2 Bb4
9.a3 cxd4 10.exd4 d5 11.Qb1 Bxd2+ 12.Bxd2 Qd8 13.c5 Nc6 14.Be3 e5 15.dxe5 Nxe5
16.Bb5+ Bd7 17.Bxd7+ Qxd7 18.O-O O-O 19.Rd1 Rfe8 20.h3 Re6 21.Bf4 Rae8 22.Bxe5 Rxe5
23.Qd3 R8e6 24.b4 h5 25.Rd2 Qc7 26.Rf1 h4 27.f4 Re1 28.Rf2 Qc6 29.Rxe1 Rxe1+
30.Rf1 Re4 31.Rd1 d4 32.Qf3 Qe6 33.Qf2 Qf6 34.Qf3 Qxf4 35.Qxf4 Rxf4 36.Re1 Kf8
37.Re5 f5 38.Re6 Kf7 39.Rd6 Ke7 40.Rd5 Ke6 41.Rd6+ Ke5 42.Rd7 Ke4 43.Re7+ Kd3
44.Rxb7 Kc3 45.c6 d3 46.Rd7 d2 47.c7 Rc4 48.Kf2 Kc2 49.Ke2 Re4+ 50.Kf2 Rc4
51.Ke2  1/2-1/2

[Event "ARG-ch"]
[Site "?"]
[Date "1995.??.??"]
[Round "5"]
[White "Ricardi, Pablo"]
[Black "Servat, Roberto"]
[Result "1-0"]
[WhiteElo "2545"]
[BlackElo "2450"]

1.d4 Nf6 2.c4 e6 3.Nc3 Bb4 4.Nf3 c5 5.e3 Nc6 6.Bd3 Bxc3+ 7.bxc3 d6 8.O-O O-O
9.Nd2 e5 10.d5 Ne7 11.Qc2 h6 12.h3 Ne8 13.f4 exf4 14.exf4 f5 15.Nf3 Nf6 16.Bd2 g6
17.Be1 Bd7 18.Bh4 Qc7 19.Rae1 Rae8 20.Kh1 Kg7 21.Bxf6+ Rxf6 22.Nh4 Ng8 23.g4 Rxe1
24.Rxe1 fxg4 25.Bxg6 Rxf4 26.Bh7 Rf8 27.Bxg8 Kxg8 28.Re7  1-0

[Event "AUT-chT9495"]
[Site "?"]
[Date "1995.??.??"]
[Round "?"]
[White "Postl, Anton"]
[Black "Felsberger, Alfred"]
[Result "0-1"]
[WhiteElo "2320"]
[BlackElo "2395"]

1.d4 Nf6 2.c4 e6 3.Nc3 Bb4 4.Nf3 b6 5.g3 Bb7 6.Bg2 O-O 7.O-O Bxc3 8.bxc3 d6
9.a4 Nbd7 10.a5 Be4 11.Nh4 Bxg2 12.Kxg2 c5 13.Qd3 Qc7 14.Bg5 Rfc8 15.Bxf6 Nxf6
16.d5 bxa5 17.Ra2 Re8 18.Re1 exd5 19.cxd5 c4 20.Qf3 Re5 21.Rea1 Nxd5 22.Rxa5 Nb6
23.Ra6 d5 24.Nf5 g6 25.Qf4 gxf5 26.Rxb6 Qxb6 27.Qxe5 Qe6 28.Qxe6 fxe6 29.Ra6 Kf7
30.f4 h5 31.Kf2 Kf6 32.Ke3 h4 33.gxh4 Rh8 34.Rxa7 Rxh4 35.Rb7 Rh3+ 36.Kf2 Rxh2+
37.Ke3 Rg2 38.Ra7 Rg7 39.Ra6 Rb7 40.Ra2 Rb6 41.Kd4 Rb1 42.Ke3 Rd1 43.Rb2 Ke7
44.Rb7+ Kd6 45.Rb6+ Kd7 46.Ra6 Ke7 47.Ra7+ Kd6 48.Ra6+ Kd7 49.Rb6 d4+ 50.cxd4 c3
51.Rb7+ Kd6 52.Rb6+ Kd5 53.Rb8 c2  0-1

[Event "Avoine op"]
[Site "Avoine"]
[Date "1995.??.??"]
[Round "4"]
[White "Gervais, Victor"]
[Black "Pytel, Krzysztof"]
[Result "1/2-1/2"]
[WhiteElo "2225"]
[BlackElo "2490"]

1.d4 Nf6 2.c4 e6 3.Nc3 Bb4 4.Nf3 d5 5.Bg5 c5 6.a3 Bxc3+ 7.bxc3 Qa5 8.Bd2 dxc4
9.e3 cxd4 10.exd4 Nbd7 11.Bxc4 Ne4 12.O-O O-O 13.Re1 Nxd2 14.Qxd2 b6 15.Ne5 Nf6
16.Re3 Bb7 17.Bd3 Rac8 18.Rg3 Be4 19.Nd7 Nxd7 20.Bxe4 Nf6 21.Bc2 g6 22.h4 Kg7
23.Re1 Nd5 24.Re5 Rxc3 25.Rxd5 Rxc2 26.Qxa5 bxa5 27.Rxa5 Rd2 28.Rxa7 Rd1+
29.Kh2 Rxd4 30.Kh3 Rf4 31.f3 h5 32.Ra5 Kf6 33.Rgg5 Rd8 34.Rgb5 Rdd4 35.Ra7 Rxh4+
36.Kg3 Ra4 37.Rbb7 Rxa7 38.Rxa7 Rc4 39.Kf2 Rc2+ 40.Kg3 g5 41.a4 Kg6 42.a5 f6
43.Ra8 Kf5 44.a6 Ra2 45.a7 h4+ 46.Kh2 Ra1 47.g3 hxg3+ 48.Kxg3 Ra2 49.Kh3 Ke5
50.Kg4 Ra4+ 51.Kg3 Kf5 52.Kf2 Ra3 53.Kg2 Ke5 54.Kg3 Ra4 55.Kf2 f5 56.Kg3 g4
57.fxg4 Rxg4+ 58.Kf3 Ra4 59.Ke3 Ra3+ 60.Ke2 f4 61.Kf2 Ke4 62.Re8 Ra2+ 63.Kg1 Rxa7
64.Rxe6+ Kf3 65.Rb6 Ra1+ 66.Kh2 Re1 67.Rf6 Rd1 68.Rf8 Rf1 69.Ra8 Rf2+ 70.Kg1 Re2
71.Kf1 Re3 72.Rh8 Re5 73.Rh3+ Kg4 74.Ra3 Rb5 75.Kf2  1/2-1/2

[Event "Barbera del Valles op"]
[Site "Barbera del Valles"]
[Date "1995.??.??"]
[Round "6"]
[White "Vidarte Morales, Arturo"]
[Black "Campos Moreno, Javier B"]
[Result "0-1"]
[WhiteElo "2355"]
[BlackElo "2450"]

1.c4 e6 2.Nc3 Bb4 3.d4 Nf6 4.Nf3 c5 5.g3 O-O 6.Bg2 cxd4 7.Nxd4 d5 8.cxd5 Nxd5
9.Bd2 Bxc3 10.bxc3 e5 11.Nb3 Nc6 12.c4 Nb6 13.Rc1 Be6 14.Nc5 Qe7 15.Nxe6 Qxe6
16.c5 Nd5 17.Qb3 Rfd8 18.e3 Rd7 19.O-O Rad8 20.Rb1 e4 21.Rfc1 h5 22.Qc4 Ne5
23.Qe2 Qf5 24.Ba5 b6 25.cxb6 axb6 26.Be1 h4 27.gxh4 Rd6 28.Rb5 Rg6 29.Kh1 Nf3
30.Bxf3 exf3 31.Qf1 Rg2  0-1

[Event "Regionalliga SO9495"]
[Site "Bayern"]
[Date "1995.??.??"]
[Round "4"]
[White "Aulinger, Reimund"]
[Black "Farsach, Christof"]
[Result "1/2-1/2"]
[WhiteElo "2115"]
[BlackElo "2005"]

1.d4 Nf6 2.c4 e6 3.Nc3 Bb4 4.Nf3 O-O 5.g3 b6 6.Bg2 Bb7 7.O-O Re8 8.Qc2 d6
9.Rd1 Nbd7 10.b3 d5 11.Ne5 Bd6 12.Bb2 Nxe5 13.dxe5 Bxe5 14.e4 d4 15.f4 Bd6
16.Nb5 d3 17.Rxd3 Nxe4 18.Nxd6 cxd6 19.Re1 Nc5 20.Bxb7 Nxb7 21.g4 Qh4 22.Qc3 f6
23.g5 Qxf4 24.gxf6 gxf6 25.Qxf6 Qxf6 26.Bxf6 Kf7 27.Rf1 Rg8+ 28.Kh1 Rg6 29.Rdf3 Rag8
30.Bh4+ Ke8 31.Bg3 e5 32.Rf7 R6g7 33.R7f6 Kd7 34.Rd1 Re8 35.b4 Re6 36.Rf5 Kc6
37.Kg2 Rg4 38.Rf7 Rd4 39.Rc1 Nd8 40.b5+ Kc5 41.Rc7+ Kb4 42.Rxa7 Rg6 43.Kf3 Rf6+
44.Ke3 Ne6 45.Ra8 Rf8 46.Rxf8 Nxf8 47.Be1+ Kc5 48.a3 Rxc4 49.Bb4+ Kxb5 50.Rxc4 Kxc4
51.Bxd6 Nd7 52.Ke4 b5 53.h4 Kb3 54.Be7 Nb8 55.h5 Nc6 56.Bd6 Kc4 57.Bf8 Nb8
58.Be7 Nd7 59.h6 Nb8 60.Bb4 Nc6 61.Bd6 Nd8 62.Bxe5 Nf7 63.Bg7 Kb3  1/2-1/2

[Event "Regionalliga NO9495"]
[Site "Bayern"]
[Date "1995.??.??"]
[Round "7"]
[White "Kirbach, Thomas"]
[Black "Suess, Helmut"]
[Result "0-1"]
[WhiteElo "1885"]
[BlackElo "1975"]

1.d4 Nf6 2.c4 e6 3.Nf3 Bb4+ 4.Nc3 Bxc3+ 5.bxc3 O-O 6.Bg5 h6 7.Bh4 d6 8.e3 Nbd7
9.Bd3 c5 10.O-O b6 11.Nd2 Bb7 12.f3 Qe7 13.a4 g5 14.Bf2 a5 15.Re1 Kg7 16.Nf1 Rh8
17.Ng3 Rag8 18.e4 h5 19.e5 dxe5 20.dxe5 Ne8 21.Be4 Bxe4 22.Nxe4 Kh7 23.Rb1 Rg6
24.h4 gxh4 25.Bxh4 Qxh4 26.Qxd7 Rhg8 27.Re2 Qh3 28.Rbb2 Qxf3 29.Qe7 Qf4 30.Nf6+ Nxf6
31.exf6 Rxf6 32.Rf2 Qc1+ 33.Kh2 Rxf2 34.Rxf2 Rg7 35.Qh4 Qd1 36.Rf3 Kg8 37.Qf4 Qd8
38.Rh3 Rg5 39.Qf3 Qd6+ 40.Kh1 Qe5 41.Qd3 Qf5 42.Qd8+ Kg7 43.Rf3 Qg6 44.Qxb6 Rxg2
45.Qxc5 Rg4 46.Qe5+ Kh7 47.Qe1 e5 48.c5 Qc6 49.Qb1+ Kg7 50.Qf5 f6 51.Kh2 Rg5
52.Rg3 Rxg3 53.Kxg3 h4+ 54.Kxh4 Qxa4+ 55.Kh3 Qc6 56.Qg4+ Kf8 57.Qf5 a4 58.Qd3 a3
59.Qd8+ Kf7 60.Qa5 Qf3+ 61.Kh4 Qf2+ 62.Kh5 Qh2+ 63.Kg4 Qg2+ 64.Kh4 a2 65.Qc7+ Kg6
66.Qc8 Qg5+ 67.Kh3 Qf5+  0-1

[Event "Regionalliga SO9495"]
[Site "Bayern"]
[Date "1995.??.??"]
[Round "7"]
[White "Zankl, Thomas"]
[Black "Marian, Marc"]
[Result "0-1"]
[WhiteElo "1825"]
[BlackElo "2030"]

1.d4 Nf6 2.c4 e6 3.Nc3 Bb4 4.Nf3 O-O 5.Qc2 c5 6.Bg5 h6 7.h4 cxd4 8.Nxd4 Nc6
9.Rd1 Be7 10.e3 a6 11.a3 Qc7 12.Ne4 Nxe4 13.Bxe7 Nxf2 14.Nxc6 Nxh1 15.Nd4 Re8
16.Bb4 Ng3 17.Bd3 d5 18.Nf3 b5 19.cxd5 Qxc2 20.Bxc2 exd5 21.Bd6 Nf5 22.Rxd5 Nxe3  0-1

[Event "Regionalliga NO9495"]
[Site "Bayern"]
[Date "1995.??.??"]
[Round "7"]
[White "Boca, Harald"]
[Black "Stoessel, Horst"]
[Result "1-0"]
[WhiteElo "1830"]
[BlackElo "1815"]

1.d4 Nf6 2.c4 e6 3.Nc3 Bb4 4.Nf3 b6 5.Bg5 Bb7 6.e3 h6 7.Bh4 Be7 8.Bd3 d5
9.cxd5 Nxd5 10.Nxd5 exd5 11.Bxe7 Qxe7 12.Qa4+ Qd7 13.Qb3 O-O 14.O-O c5 15.Qc2 c4
16.Bf5 Qd6 17.Ne5 Nc6 18.f4 Rfe8 19.Rf3 Ne7 20.Bh7+ Kf8 21.Qf2 Bc8 22.f5 f6
23.Rf1 Bd7 24.Qg3 Nc8 25.Ng6+ Kf7 26.Qg4 Re4 27.Qh5 Ke8 28.Ne5+ Ke7 29.Qf7+ Kd8
30.Qxg7 Kc7 31.Ng4 Re7 32.Qxh6 Rf7 33.Bg6 Rf8 34.Qg7 Ne7 35.h4 Nxg6 36.Qxg6 Rg8
37.Qh5 Rh8 38.Qg6 Rhg8 39.Qh5 Rh8 40.Qg6 Rhg8 41.Nxf6 Rxg6 42.fxg6 Be6 43.h5 Kb7
44.g7 Qc7 45.h6 b5 46.Nh5 Bg4 47.Rf7 Bd7 48.h7 c3 49.bxc3 Qxc3 50.Rxd7+ Kc6  1-0

[Event "Belgrade Trako"]
[Site "Belgrade"]
[Date "1995.??.??"]
[Round "9"]
[White "Komarov, Dimitri"]
[Black "Arsovic, Zoran"]
[Result "1-0"]
[WhiteElo "2575"]
[BlackElo "2430"]

1.d4 Nf6 2.c4 e6 3.Nc3 Bb4 4.Nf3 c5 5.g3 b6 6.Bg2 Bb7 7.O-O cxd4 8.Qxd4 O-O
9.b3 Na6 10.Bb2 Nc5 11.Rad1 d6 12.Nb5 Nce4 13.Ng5 Bc5 14.Qd3 d5 15.Nxe4 Nxe4
16.cxd5 exd5 17.b4 Be7 18.Bxe4 dxe4  1-0

[Event "Berliner Sommer"]
[Site "Berlin"]
[Date "1995.??.??"]
[Round "4"]
[White "Rogozenko, Dorin"]
[Black "Kiselev, Sergey"]
[Result "1/2-1/2"]
[WhiteElo "2440"]
[BlackElo "2505"]

1.d4 Nf6 2.c4 e6 3.Nc3 Bb4 4.Nf3 O-O 5.Bg5 c5 6.e3 h6 7.Bh4 cxd4 8.exd4 Qa5
9.Qc2 Ne4 10.Rc1 d5 11.a3 Bxc3+ 12.bxc3 Qxa3 13.Bd3 Nc6 14.O-O f5 15.h3 Qd6
16.Rce1 b6 17.Bg3 Qd8 18.Ne5 Nxe5 19.Bxe5 Ba6 20.f3 Nd6 21.cxd5 Bxd3 22.Qxd3 exd5
23.Bxd6 Qxd6 24.Re5 Qd7 25.Rfe1 Rf7 26.Qa6 Rd8 27.f4 Qc7 28.Qd3 Qd7 29.Kf2 b5
30.Ra1 Qc6 31.Ra3 a6 32.Qe2 Rf6 33.Rb3 Kf7 34.Qd3 Qc4 35.Qxc4 dxc4 36.Ra3 Kg6
37.Ke3 Rfd6 38.g4 fxg4 39.hxg4 Kf6 40.Ra2 R8d7 41.Ra1 Rd8  1/2-1/2

[Event "Berliner Sommer"]
[Site "Berlin"]
[Date "1995.??.??"]
[Round "6"]
[White "Ingbrandt, Johan"]
[Black "Greenfeld, Alon"]
[Result "0-1"]
[WhiteElo "2350"]
[BlackElo "2570"]

1.d4 Nf6 2.c4 e6 3.Nc3 Bb4 4.Nf3 d5 5.Bg5 Nbd7 6.cxd5 exd5 7.Nd2 Be7 8.e3 O-O
9.Bd3 b6 10.h4 Bb7 11.Qf3 c5 12.g4 Rc8 13.Bf4 cxd4 14.exd4 Bb4 15.Kf1 Bxc3
16.bxc3 Ne4 17.Rc1 Ndf6 18.Nb1 Qd7 19.Rg1 Qa4 20.g5 Ne8 21.Qe2 Qd7 22.Qg4 Qxg4
23.Rxg4 Rc6 24.f3 N4d6 25.Rg2 Bc8 26.Ke2 Bf5 27.Nd2 Bxd3+ 28.Kxd3 Nf5 29.h5 Nc7
30.Bxc7 Rxc7 31.Re2 Rfc8 32.h6 gxh6 33.gxh6 f6 34.Rh2 Kf7 35.c4 dxc4+ 36.Rxc4 Rxc4
37.Nxc4 Rd8 38.Ke4 Nxd4 39.Rd2 Nc6 40.Rxd8 Nxd8 41.Kf5 Nb7 42.a4 Ke7 43.f4 Kf7
44.Ke4 Kg6 45.Kd5 Kxh6 46.Ne3 Kg6 47.Kc6 Nc5 48.a5 Nd3 49.axb6 axb6  0-1

[Event "Biel"]
[Site "Biel"]
[Date "1995.??.??"]
[Round "1"]
[White "Zvjaginsev, Vadim"]
[Black "Timman, Jan H"]
[Result "1/2-1/2"]
[WhiteElo "2600"]
[BlackElo "2590"]

1.d4 Nf6 2.c4 e6 3.Nc3 Bb4 4.Nf3 b6 5.Bg5 Bb7 6.e3 h6 7.Bh4 g5 8.Bg3 Ne4
9.Qc2 Bxc3+ 10.bxc3 Nxg3 11.fxg3 d6 12.Bd3 Nd7 13.O-O Qe7 14.Rf2 O-O-O 15.Be4 Rhf8
16.Re1 Bxe4 17.Qxe4 Kb8 18.Qh7 Rh8 19.Qc2 h5 20.e4 h4 21.gxh4 gxh4 22.e5 Rdg8
23.exd6 Qxd6 24.c5 Qc6 25.Qe4 Qxe4 26.Rxe4 bxc5 27.Rxh4 Rxh4 28.Nxh4 Rg7
29.Rb2+ Kc8 30.Nf3 c6 31.h3 Kc7 32.g4 Nf6 33.dxc5  1/2-1/2

[Event "Biel"]
[Site "Biel"]
[Date "1995.??.??"]
[Round "10"]
[White "Adianto, Utut"]
[Black "Brunner, Lucas"]
[Result "1-0"]
[WhiteElo "2590"]
[BlackElo "2530"]

1.d4 Nf6 2.c4 e6 3.Nc3 Bb4 4.Nf3 c5 5.g3 cxd4 6.Nxd4 Ne4 7.Qd3 Qa5 8.Nb3 Nxc3
9.Bd2 Ne4 10.Qxe4 Bxd2+ 11.Nxd2 O-O 12.Bg2 Nc6 13.Qe3 d5 14.O-O d4 15.Qd3 e5
16.Nb3 Qb6 17.f4 Rd8 18.c5 Qc7 19.Be4 g6 20.f5 Qe7 21.Nd2 Bd7 22.a3 a5 23.Rf2 Be8
24.Qc4 a4 25.Raf1 Na5 26.Qa2 Ra6 27.fxg6 hxg6 28.Bd5 Rxd5 29.Qxd5 Re6 30.c6 Nxc6
31.Ne4 Nd8 32.Rf6 Rc6 33.Nd6 Kg7 34.h4 Rc2 35.Nxe8+ Qxe8 36.Rd6 Rc8 37.h5 gxh5
38.Rf5 Ne6 39.Qxe5+ Kg8 40.Rxh5 Ng7 41.Rdh6  1-0

[Event "Ciocaltea mem"]
[Site "Bucharest"]
[Date "1995.??.??"]
[Round "1"]
[White "Rogozenko, Dorin"]
[Black "Ionescu, Constantin"]
[Result "1-0"]
[WhiteElo "2440"]
[BlackElo "2535"]

1.d4 Nf6 2.c4 e6 3.Nc3 Bb4 4.Nf3 b6 5.Bg5 Bb7 6.e3 h6 7.Bh4 g5 8.Bg3 Ne4
9.Qc2 Bxc3+ 10.bxc3 Nxg3 11.fxg3 Qe7 12.Bd3 Nc6 13.O-O O-O-O 14.c5 h5 15.a4 d6
16.cxb6 cxb6 17.Nd2 Kb8 18.Nb3 Rc8 19.Qb2 g4 20.a5 h4 21.Qf2 f5 22.axb6 axb6
23.Nd2 h3 24.gxh3 Rxh3 25.Rfb1 Rch8 26.Nf1 Qc7 27.Ba6 Na7 28.Bxb7 Qxb7 29.d5 Qxd5
30.Rxb6+ Kc7 31.e4 Qc5 32.Qxc5+ dxc5 33.Rxe6 Nc6 34.exf5 R3h5 35.Ra6  1-0

[Event "Ciocaltea mem"]
[Site "Bucharest"]
[Date "1995.??.??"]
[Round "5"]
[White "Rogozenko, Dorin"]
[Black "Itkis, Boris"]
[Result "1/2-1/2"]
[WhiteElo "2440"]
[BlackElo "2410"]

1.d4 Nf6 2.c4 e6 3.Nc3 Bb4 4.Nf3 c5 5.g3 O-O 6.Bg2 Ne4 7.Qd3 cxd4 8.Nxd4 Nxc3
9.bxc3 Be7 10.Nb5 Nc6 11.Bf4 e5 12.Bc1 Qa5 13.O-O d6 14.a4 Be6 15.Ba3 Rfd8
16.Rfb1 Rac8 17.Nxd6 Bxd6 18.Bxd6 b6 19.Rd1 Qa6 20.c5 Bc4 21.Qf5 Bxe2 22.Rd2 Bc4
23.Be4 g6 24.Qg5 bxc5 25.Qh6 Re8 26.Bxc5 Qa5 27.Be3 Qxc3 28.Rad1 Qb4 29.Rd6 Nd4
30.Bxg6  1/2-1/2